[Event "ARM-ch (Women) 79th"]
[Site "Yerevan"]
[Date "2024.01.20"]
[Round "9"]
[White "Kobak, Polina"]
[Black "Gasparyan, Milena"]
[Result "1/2-1/2"]
[WhiteElo "2120"]
[BlackElo "1802"]
[PlyCount "70"]
[EventDate "2024.01.12"]
[EventType "tourn"]
[EventRounds "9"]
[EventCountry "ARM"]
[SourceTitle "CB09_2024"]
[SourceDate "2024.02.28"]
[SourceVersion "1"]
[SourceVersionDate "2024.02.28"]
[SourceQuality "1"]

1. d4 Nf6 2. c4 e6 3. Nf3 d5 4. g3 Bb4+ 5. Bd2 Be7 6. Bg2 0-0 7. 0-0 c6 8. Qc2 Nbd7 9. Bf4 h6 10. b3 b6 11. Rd1 Bb7 12. Nc3 Rc8 13. e4 dxe4 14. Nxe4 Nxe4 15. Qxe4 Nf6 16. Qc2 Bd6 17. Bxd6 Qxd6 18. c5 Qe7 19. b4 Nd5 20. a3 a5 21. Ne5 Rfd8 22. Nc4 bxc5 23. bxc5 Ba6 24. Nxa5 Qc7 25. Nb3 Ne7 26. Qc3 Ra8 27. Be4 Bb5 28. Nd2 Ra4 29. Bc2 Raxd4 30. Ne4 Nf5 31. Nd6 Rxd1+ 32. Rxd1 Nxd6 33. cxd6 Rxd6 34. a4 Rxd1+ 35. Bxd1 Ba6 1/2-1/2

[Event "Wch U18 Girls blitz"]
[Site "Batumi"]
[Date "2023.06.10"]
[Round "5"]
[White "Bodnaruk, Kseniya"]
[Black "Gasparyan, Milena"]
[Result "1/2-1/2"]
[WhiteElo "1915"]
[BlackElo "1690"]
[PlyCount "107"]
[EventDate "2023.06.10"]
[EventType "swiss (blitz)"]
[EventRounds "11"]
[EventCountry "GEO"]
[SourceTitle "EXT 2024"]
[Source "ChessBase"]
[SourceDate "2023.10.10"]
[SourceVersion "1"]
[SourceVersionDate "2023.10.10"]
[SourceQuality "1"]
[WhiteTeam "FIDE"]
[BlackTeam "Armenia"]
[BlackTeamCountry "ARM"]

1. e4 c6 2. d4 d5 3. Nc3 dxe4 4. Nxe4 Nf6 5. Nxf6+ exf6 6. c3 Bd6 7. Bd3 0-0 8. Be3 Re8 9. Qc2 h5 10. 0-0-0 Nd7 11. Ne2 Nb6 12. Ng3 Nd5 13. Rde1 Nf4 14. Bxf4 Bxf4+ 15. Kb1 h4 16. Nf5 Bxf5 17. Bxf5 Qd5 18. Be4 Qa5 19. g3 Bh6 20. f4 Kh8 21. Qf2 Re7 22. Bd3 Rae8 23. Rxe7 Rxe7 24. Re1 Qd8 25. Rxe7 Qxe7 26. Qe2 Qd7 27. Qh5 hxg3 28. hxg3 Kg8 29. Qf5 Qxf5 30. Bxf5 g5 31. fxg5 fxg5 32. g4 Bf8 33. Kc2 Kg7 34. Kd3 Kf6 35. Ke4 Ke7 36. c4 b6 37. b4 Kd8 38. b5 cxb5 39. cxb5 Kc7 40. Kd5 Bg7 41. a4 Bf6 42. Bh7 Bd8 43. Ke5 Kd7 44. d5 f6+ 45. Kd4 Kd6 46. Bf5 Be7 47. Be6 Bf8 48. Bf5 Bg7 49. Kc4 Ke5 50. Be6 Bf8 51. Bf5 Bc5 52. Be6 Kd6 53. Bf5 Ke5 54. Be6 1/2-1/2

[Event "Wch U18 Girls rapid"]
[Site "Batumi"]
[Date "2023.06.07"]
[Round "4"]
[White "Nguyen, Hong Nhung"]
[Black "Gasparyan, Milena"]
[Result "1-0"]
[WhiteElo "2003"]
[BlackElo "1762"]
[PlyCount "49"]
[EventDate "2023.06.06"]
[EventType "swiss (rapid)"]
[EventRounds "11"]
[EventCountry "GEO"]
[SourceTitle "CBM 214 Extra"]
[Source "ChessBase"]
[SourceDate "2023.07.31"]
[SourceVersion "1"]
[SourceVersionDate "2023.07.31"]
[SourceQuality "1"]

1. e4 Nf6 2. e5 Nd5 3. c4 Nb6 4. d4 d6 5. f4 dxe5 6. fxe5 Nc6 7. Be3 Bf5 8. Nc3 e6 9. Nf3 Be7 10. d5 exd5 11. cxd5 Nb4 12. Nd4 Bd7 13. e6 fxe6 14. dxe6 Bc6 15. Qg4 0-0 16. 0-0-0 Qe8 17. Nf5 g6 18. Nh6+ Kg7 19. Bd4+ Kxh6 20. Qh3+ Kg5 21. Qe3+ Rf4 22. h4+ Kf5 23. g4+ Kxg4 24. Be2+ Rf3 25. Rdg1+ 1-0

[Event "Wch U18 Girls rapid"]
[Site "Batumi"]
[Date "2023.06.06"]
[Round "1"]
[White "Gasparyan, Milena"]
[Black "Blokhin, Sofia"]
[Result "1/2-1/2"]
[WhiteElo "1762"]
[BlackElo "2062"]
[PlyCount "51"]
[EventDate "2023.06.06"]
[EventType "swiss (rapid)"]
[EventRounds "11"]
[EventCountry "GEO"]
[SourceTitle "CBM 214 Extra"]
[Source "ChessBase"]
[SourceDate "2023.07.31"]
[SourceVersion "1"]
[SourceVersionDate "2023.07.31"]
[SourceQuality "1"]

1. Nf3 g6 2. e3 Bg7 3. d4 f5 4. Be2 Nf6 5. c4 0-0 6. 0-0 d6 7. Nc3 Nc6 8. b3 e5 9. Bb2 exd4 10. Nxd4 Ne5 11. Qc2 Bd7 12. Nd5 Ne4 13. Rad1 Rc8 14. Nf3 Qe8 15. Nxe5 dxe5 16. c5 Be6 17. Nb4 c6 18. f3 Ng5 19. Rd2 Nf7 20. Rfd1 Qe7 21. Bc4 Bxc4 22. Qxc4 Rcd8 23. Qc2 a5 24. Nd3 Qg5 25. f4 exf4 26. exf4 1/2-1/2

[Event "EU-ch Online U14 Girls"]
[Site "Tornelo INT"]
[Date "2020.09.19"]
[Round "6"]
[White "Gasparyan, Milena"]
[Black "Spiridon, Anisia"]
[Result "1-0"]
[WhiteElo "1661"]
[BlackElo "1504"]
[PlyCount "73"]
[EventDate "2020.09.18"]
[EventType "swiss (rapid)"]
[EventRounds "9"]
[EventCountry "NET"]
[SourceTitle "EXT 2023"]
[Source "ChessBase"]
[SourceDate "2022.10.05"]
[SourceVersion "1"]
[SourceVersionDate "2022.10.05"]
[SourceQuality "1"]
[WhiteTeam "Armenia"]
[BlackTeam "Romania"]
[WhiteTeamCountry "ARM"]
[BlackTeamCountry "ROU"]

1. d4 Nf6 2. c4 c5 3. d5 b5 4. cxb5 a6 5. bxa6 g6 6. Nc3 Bg7 7. e4 0-0 8. Nf3 Qa5 9. Bd3 Nxd5 10. exd5 Bxc3+ 11. Bd2 Bxd2+ 12. Nxd2 Bxa6 13. Qe2 Bxd3 14. Qxd3 Na6 15. 0-0 Nb4 16. Qe4 Rfe8 17. a3 Na6 18. Nf3 Rab8 19. Ne5 Qc7 20. Rae1 Rxb2 21. Qf3 f6 22. d6 Qb7 23. Nc4 Qxf3 24. gxf3 Rc2 25. Rxe7 Rxe7 26. dxe7 Re2 27. Ne3 Kf7 28. Nd5 Re5 29. Rd1 Nb8 30. f4 Re4 31. Rc1 d6 32. Rb1 Nc6 33. Rb7 Nxe7 34. a4 Kf8 35. Rb8+ Kf7 36. Rb7 Ke8 37. Nxf6+ 1-0

[Event "EU-ch U12 Girls 28th"]
[Site "Riga"]
[Date "2018.08.22"]
[Round "3"]
[White "Adlen, Noya"]
[Black "Gasparyan, Milena"]
[Result "0-1"]
[WhiteElo "1153"]
[BlackElo "1518"]
[PlyCount "66"]
[EventDate "2018.08.20"]
[EventType "swiss"]
[EventRounds "9"]
[EventCountry "LAT"]
[SourceTitle "CBM 186 Extra"]
[Source "ChessBase"]
[SourceDate "2018.08.24"]
[SourceVersion "1"]
[SourceVersionDate "2018.08.24"]
[SourceQuality "1"]

1. e4 c5 2. c3 e6 3. d4 cxd4 4. cxd4 d5 5. exd5 exd5 6. Nf3 Nf6 7. Nc3 Be7 8. Be2 0-0 9. 0-0 Nc6 10. Be3 Bf5 11. Qb3 Na5 12. Qd1 Rc8 13. Rc1 Bd6 14. Bg5 Be7 15. Qa4 a6 16. b4 Nc4 17. Qb3 b5 18. Rfd1 h6 19. Bh4 Re8 20. Ne5 Ne4 21. Bxe7 Rxe7 22. Nxe4 Bxe4 23. Nd3 Bxd3 24. Bxd3 Qd6 25. g3 Rce8 26. Qc3 h5 27. Re1 h4 28. Rxe7 Qxe7 29. Kf1 hxg3 30. hxg3 Rc8 31. Qe1 Qf6 32. Rd1 Kf8 33. Bb1 Re8 0-1

[Event "EU-ch U12 Girls 28th"]
[Site "Riga"]
[Date "2018.08.21"]
[Round "2"]
[White "Gasparyan, Milena"]
[Black "Shubenkova, Veronika"]
[Result "0-1"]
[WhiteElo "1518"]
[BlackElo "1700"]
[PlyCount "106"]
[EventDate "2018.08.20"]
[EventType "swiss"]
[EventRounds "9"]
[EventCountry "LAT"]
[SourceTitle "CBM 186 Extra"]
[Source "ChessBase"]
[SourceDate "2018.08.24"]
[SourceVersion "1"]
[SourceVersionDate "2018.08.24"]
[SourceQuality "1"]

1. d4 d5 2. c4 e6 3. cxd5 exd5 4. Nc3 Nf6 5. Bg5 Be7 6. e3 0-0 7. Bd3 c6 8. Qc2 h6 9. Bh4 Nbd7 10. Nf3 Re8 11. 0-0 Ne4 12. Bxe7 Qxe7 13. Bxe4 dxe4 14. Nd2 Nf6 15. b4 Bd7 16. a3 Rac8 17. Rfc1 Bf5 18. Qb2 Ng4 19. Nf1 Nf6 20. b5 c5 21. d5 b6 22. Ng3 Bh7 23. a4 Ng4 24. Rd1 Rcd8 25. Qe2 Nf6 26. a5 Rd6 27. axb6 axb6 28. Rd2 Qe5 29. Qc4 h5 30. Nge2 g5 31. Qb3 h4 32. Rad1 Ng4 33. g3 Qf5 34. Nc1 h3 35. Qc4 Ne5 36. Qe2 Nf3+ 37. Kh1 Nxd2 38. Rxd2 Qf3+ 39. Qxf3 exf3 40. Kg1 Be4 41. Kf1 f5 42. N1a2 Kf7 43. Ke1 Kf6 44. Kd1 Ke5 45. Nxe4 fxe4 46. Nc3 Ra8 47. Kc2 Ra1 48. Rd1 Rxd1 49. Kxd1 Rxd5+ 50. Nxd5 Kxd5 51. Kc2 Kc4 52. Kb2 Kd3 53. Kb3 Ke2 0-1